| 000 | 00488nam a2200193Ia 4500 | ||
|---|---|---|---|
| 005 | 20240823022619.0 | ||
| 008 | 240823s9999||||xx |||||||||||||| ||und|| | ||
| 020 | _a81-7515-312-1 | ||
| 041 | _aENGLISH | ||
| 082 | _A610.28 P3 | ||
| 100 | _aVenkata Ram S K | ||
| 245 | 0 | _aBio-Medical Electronics and instrumentation | |
| 250 | _a2nd | ||
| 260 |
_c2003 _b"Galgotia ,New " _aNew Delhi |
||
| 500 | _aTRANSFERED | ||
| 650 |
_amedical _bInstrumentation |
||
| 942 | _cBK | ||
| 999 |
_c179589 _d179589 |
||